[Event "Elit(Kungstornet-Team Viking)"]
[Site "?"]
[Date "2016.10.14"]
[Round "1"]
[White "Andersson, Fredrik"]
[Black "Sagit, Rauan"]
[Result "0-1"]
[WhiteElo "2279"]
[BlackElo "2414"]
[PlyCount "128"]

1. e4 c5 2. Nf3 d6 3. d4 cxd4 4. Nxd4 Nf6 5. Nc3 a6 6. Bg5 Nbd7 7. Qe2 e6 8. f4
Qc7 9. O-O-O Be7 10. g4 b5 11. a3 Bb7 12. Bh4 Nc5 13. Bg2 O-O-O 14. g5 Nfd7 15.
f5 e5 16. Nf3 h6 17. Kb1 hxg5 18. Bxg5 Bxg5 19. Nxg5 Nb6 20. h4 Kb8 21. Rh3 Bc8
22. h5 f6 23. Nf3 d5 24. exd5 Bxf5 25. Rh4 Nca4 26. Nxa4 Nxa4 27. Ne1 Rd6 28.
Nd3 Rhd8 29. Nb4 Qb6 30. Bf3 R8d7 31. Ka2 Rb7 32. Nc6+ Kc7 33. h6 gxh6 34. Rxh6
Qc5 35. Be4 Bxe4 36. Qxe4 Qc4+ 37. Qxc4 bxc4 38. Nb4 a5 39. Rh7+ Kb6 40. Rxb7+
Kxb7 41. Nc6 Kb6 42. Rf1 Kb5 43. Ne7 Kc5 44. Ng8 Rb6 45. Nxf6 Rxb2+ 46. Ka1
Rxc2 47. Kb1 Re2 48. Rf3 Nb6 49. Rf5 Nxd5 50. Nd7+ Kd4 51. Nb8 Re1+ 52. Ka2
Nc3+ 53. Kb2 Rb1+ 54. Kc2 Rxb8 55. a4 Nd5 56. Rh5 Ne3+ 57. Kc1 Rf8 58. Rh4+ Kd3
59. Rh3 Rf1+ 60. Kb2 c3+ 61. Ka2 c2 62. Kb2 c1=Q+ 63. Ka2 Qc2+ 64. Ka3 Ra1# 0-1

[Event "Elit(Kungstornet-Team Viking)"]
[Site "?"]
[Date "2016.10.14"]
[Round "1"]
[White "Nithander, Victor"]
[Black "Larsson, Anders"]
[Result "1-0"]
[WhiteElo "2427"]
[BlackElo "2266"]
[PlyCount "73"]

1. c4 e6 2. Nf3 Nf6 3. g3 d5 4. Bg2 Be7 5. O-O O-O 6. b3 a5 7. Nc3 d4 8. Nb5
Bc5 9. Bb2 e5 10. Nxe5 c6 11. Nd3 Bb6 12. Na3 Bf5 13. Rc1 Na6 14. Nc2 Re8 15.
Nce1 Qe7 16. c5 Nxc5 17. Ba3 Nfd7 18. Rc4 Bxd3 19. Nxd3 Ne5 20. Rxc5 Nxd3 21.
Rxc6 Qxa3 22. Rxb6 Nb4 23. Rxb7 Qxa2 24. Rd7 d3 25. Bxa8 Rxa8 26. exd3 Rf8 27.
Qa1 Qxb3 28. Qxa5 Qe6 29. Rd8 Nc6 30. Rxf8+ Kxf8 31. Qa8+ Ke7 32. Rc1 Ne5 33.
d4 Nd7 34. d5 Qe5 35. d4 Qd6 36. Re1+ Kf6 37. Qc6 1-0

[Event "Elit(Kungstornet-Team Viking)"]
[Site "?"]
[Date "2016.10.14"]
[Round "1"]
[White "Backlund, Anders"]
[Black "Lindberg, Bo"]
[Result "1/2-1/2"]
[WhiteElo "2314"]
[BlackElo "2402"]
[PlyCount "98"]

1. e4 c5 2. Nf3 d6 3. d4 cxd4 4. Nxd4 Nf6 5. Nc3 a6 6. f4 e5 7. Nf3 Nbd7 8. a4
Be7 9. Bd3 O-O 10. O-O Nc5 11. Kh1 d5 12. fxe5 Nfxe4 13. Nd4 Be6 14. Nxe4 dxe4
15. Nxe6 fxe6 16. Rxf8+ Qxf8 17. Bc4 Qf5 18. Be3 Rd8 19. Bd4 Nxa4 20. Qg1 b5
21. Rf1 Qg6 22. Bb3 h5 23. Qe3 Bg5 24. Qf2 Kh8 25. c3 Be7 26. Qe2 Nc5 27. Bxc5
Bxc5 28. Bc2 Rd5 29. b4 Be7 30. Bxe4 Rxe5 31. Re1 Qg5 32. Qd3 Qf4 33. g3 Qg4
34. Kg2 h4 35. Bf3 Qg5 36. Rxe5 Qxe5 37. Qg6 Qf6 38. Qh5+ Kg8 39. Be4 hxg3 40.
hxg3 g5 41. Qe8+ Kg7 42. Kh3 Qf7 43. Qxf7+ Kxf7 44. Bb7 Bf6 45. Bxa6 Bxc3 46.
Bxb5 Bxb4 47. Kg4 Kf6 48. Kf3 Ke5 49. g4 Kd4 1/2-1/2

[Event "Elit(Kungstornet-Team Viking)"]
[Site "?"]
[Date "2016.10.14"]
[Round "1"]
[White "Cramling, Dan"]
[Black "Wikner, Arvid"]
[Result "1/2-1/2"]
[WhiteElo "2367"]
[BlackElo "2239"]
[PlyCount "138"]

1. d4 Nf6 2. c4 g6 3. Nc3 Bg7 4. e4 d6 5. Nf3 O-O 6. Be2 Na6 7. Be3 e5 8. d5
Nd7 9. h4 f5 10. h5 f4 11. Bd2 g5 12. g4 h6 13. Kf1 Nf6 14. Ne1 Nc5 15. f3 a5
16. Kg2 Bxg4 17. fxg4 Nfxe4 18. Nxe4 Nxe4 19. Bd3 Ng3 20. Rh3 e4 21. Rxg3 fxg3
22. Bxe4 Qf6 23. Nf3 Qxb2 24. Rc1 Rae8 25. Rc2 Qb6 26. c5 dxc5 27. Bf5 c4 28.
Be1 c3 29. Bxg3 Qc5 30. d6 Rxf5 31. gxf5 cxd6 32. Qxd6 Qxf5 33. Rf2 c2 34. Nxg5
Qxg5 35. Rxc2 Qxh5 36. Qd7 Re2+ 37. Rxe2 Qxe2+ 38. Kh3 Qf1+ 39. Kh2 Qe2+ 40.
Kh3 Qxa2 41. Qxb7 Qe6+ 42. Kh2 Qf5 43. Qb3+ Kh7 44. Qc4 Be5 45. Bxe5 Qxe5+ 46.
Kh1 Kg7 47. Qg4+ Kf6 48. Qf3+ Qf5 49. Qc6+ Kg5 50. Qg2+ Kh4 51. Qf2+ Kg4 52.
Qg2+ Kh5 53. Qh2+ Kg5 54. Qd2+ Kh5 55. Qh2+ Kg6 56. Qd6+ Qf6 57. Qd3+ Kh5 58.
Qe2+ Kg5 59. Qd2+ Kg4 60. Qxa5 Qf1+ 61. Kh2 Qe2+ 62. Kh1 Qd1+ 63. Kg2 Qc2+ 64.
Kg1 Qc1+ 65. Kg2 Qb2+ 66. Kg1 h5 67. Qd5 Qb1+ 68. Kg2 Qc2+ 69. Kh1 Qb1+ 1/2-1/2

[Event "Elit(Kungstornet-Team Viking)"]
[Site "?"]
[Date "2016.10.14"]
[Round "1"]
[White "Henriksson, Johan"]
[Black "Grandell, Anders"]
[Result "1/2-1/2"]
[WhiteElo "2274"]
[BlackElo "2264"]
[PlyCount "108"]

1. d4 f5 2. Bg5 g6 3. e3 Bg7 4. h4 h6 5. Bf4 d6 6. Bc4 Nf6 7. c3 e6 8. Ne2 Qe7
9. Bg3 e5 10. Nd2 Nc6 11. Qb3 a6 12. Qa3 Nh5 13. O-O-O Nxg3 14. Nxg3 h5 15. Nf3
Bf6 16. dxe5 Nxe5 17. Nxe5 Qxe5 18. Ne2 Be6 19. Qb3 Bxc4 20. Qxc4 Qe7 21. Nf4
Qf7 22. Ne6 Rc8 23. Qd5 Ke7 24. Nf4 Qxd5 25. Nxg6+ Kd7 26. Rxd5 Rhg8 27. Nf4
Be5 28. g3 Bxf4 29. exf4 Ke6 30. c4 Rge8 31. Rhd1 b6 32. Re1+ Kf6 33. Rdd1 Rxe1
34. Rxe1 Rd8 35. Kc2 b5 36. Kc3 Rb8 37. b4 c6 38. Kd4 Rc8 39. a3 Kf7 40. Re3
Kf6 41. a4 bxc4 42. Kxc4 Rb8 43. Rb3 Re8 44. b5 axb5+ 45. axb5 cxb5+ 46. Rxb5
Re2 47. Rb8 Rxf2 48. Rh8 Rf3 49. Rh6+ Ke7 50. Rxh5 Rxg3 51. Rxf5 Rg4 52. h5 Ke6
53. Rf8 Ke7 54. Rf5 Ke6 1/2-1/2

[Event "Elit(Malmo-Eksjo)"]
[Site "?"]
[Date "2016.10.14"]
[Round "1"]
[White "Grandelius, Nils"]
[Black "Jobava, Baadur"]
[Result "0-1"]
[WhiteElo "2641"]
[BlackElo "2665"]
[PlyCount "82"]

1. e4 c5 2. Nf3 d6 3. d4 cxd4 4. Nxd4 Nf6 5. Nc3 a6 6. Bc4 b5 7. Bb3 Bb7 8. O-O
Nbd7 9. Bg5 e6 10. Re1 h6 11. Bxf6 Nxf6 12. Qd3 Nd7 13. Qh3 Nc5 14. Bd5 exd5
15. exd5+ Be7 16. Nf5 Bc8 17. Nxe7 Bxh3 18. Nc6+ Kd7 19. Nxd8 Rhxd8 20. gxh3 b4
21. Ne4 Rac8 22. a3 b3 23. cxb3 Nxb3 24. Rad1 Rc2 25. Nc3 Rxb2 26. Na4 Rc2 27.
Rb1 Rb8 28. Kg2 Rb5 29. Re3 Nd4 30. Rxb5 axb5 31. Nc3 Kc7 32. Re7+ Kb6 33. Ne4
Re2 34. Re8 Kc7 35. Kf1 Kd7 36. Nf6+ gxf6 37. Rxe2 Nxe2 38. Kxe2 Kc7 39. Kd3
Kb6 40. Kd4 Ka5 41. Kc3 Ka4 0-1

[Event "Elit(Malmo-Eksjo)"]
[Site "?"]
[Date "2016.10.14"]
[Round "1"]
[White "Meier, Georg"]
[Black "Bejtovic, Jasmin"]
[Result "1-0"]
[WhiteElo "2654"]
[BlackElo "2370"]
[PlyCount "147"]

1. Nf3 Nf6 2. g3 g6 3. Bg2 Bg7 4. O-O O-O 5. d4 c5 6. dxc5 Na6 7. Be3 Qc7 8. c4
Nxc5 9. Nc3 d6 10. Rc1 a5 11. b3 Bd7 12. Nd4 Qc8 13. Qd2 Bh3 14. Rfd1 Bxg2 15.
Kxg2 Nce4 16. Nxe4 Nxe4 17. Qc2 Nc5 18. f3 Rd8 19. Nb5 Qc6 20. Rd2 Rd7 21. h4
b6 22. h5 d5 23. hxg6 hxg6 24. a4 Rad8 25. cxd5 Rxd5 26. Rxd5 Rxd5 27. Qc4 Qd7
28. Rc2 Bf6 29. Bf2 e6 30. Be3 Bg5 31. Bd4 e5 32. Bf2 e4 33. fxe4 Re5 34. Bxc5
Rxc5 35. Qd4 Qg4 36. Qd3 Rxc2 37. Qxc2 Bf4 38. Qd3 Be5 39. Qf3 Qg5 40. Na3 Qc1
41. Nc4 Bd4 42. e5 Qg1+ 43. Kh3 Qc1 44. Nd6 Qc7 45. Qa8+ Kh7 46. Qd5 Qd7+ 47.
g4 Bc3 48. Qxf7+ Qxf7 49. Nxf7 Kg7 50. Ng5 Bxe5 51. Nf3 Bf4 52. g5 Kf7 53. Kg4
Bd6 54. Nh4 Be7 55. e4 Bb4 56. Nf3 Ke6 57. Kf4 Kd6 58. Ke3 Kc5 59. Ne5 Ba3 60.
Nd3+ Kc6 61. Kd4 Be7 62. Ne5+ Kd6 63. Nf3 Bd8 64. Kc4 Kc6 65. Ne5+ Kc7 66. Nxg6
Bxg5 67. Kb5 Kd6 68. Kxb6 Ke6 69. Kxa5 Kf6 70. Nf8 Ke7 71. Nh7 Bf4 72. Kb6 Kf7
73. a5 Kg7 74. a6 1-0

[Event "Elit(Malmo-Eksjo)"]
[Site "?"]
[Date "2016.10.14"]
[Round "1"]
[White "Gdanski, Jacek"]
[Black "Markovic, Miroslav"]
[Result "0-1"]
[WhiteElo "2485"]
[BlackElo "2459"]
[PlyCount "102"]

1. e4 c6 2. d4 d5 3. exd5 cxd5 4. c4 Nf6 5. Nc3 Nc6 6. Nf3 Bg4 7. cxd5 Nxd5 8.
Qb3 Bxf3 9. gxf3 e6 10. Qxb7 Nxd4 11. Bb5+ Nxb5 12. Qc6+ Ke7 13. Qxb5 Qd7 14.
Nxd5+ Qxd5 15. Qxd5 exd5 16. O-O Rd8 17. Rd1 d4 18. Bf4 Ke6 19. Rac1 g5 20. Be3
Bg7 21. Rc6+ Kd5 22. Rc7 Be5 23. Rxa7 Ke6 24. Ra6+ Kf5 25. Bd2 f6 26. Bb4 Rb8
27. Bd6 Rxb2 28. Ra5 Rc8 29. Bxe5 fxe5 30. Re1 Re8 31. Kg2 h5 32. Rd5 Rxa2 33.
Rxd4 exd4 34. Rxe8 Ra1 35. Rd8 Ke5 36. h4 gxh4 37. Kh3 Ra3 38. Kg2 Ra6 39. Rh8
Rg6+ 40. Kh3 d3 41. Rxh5+ Kd4 42. Rxh4+ Kc3 43. Rh8 Rd6 44. Rc8+ Kb2 45. Rb8+
Kc2 46. Rc8+ Kd1 47. Kg2 d2 48. Kf1 Re6 49. Rc3 Ra6 50. f4 Ra1 51. Kg2 Rc1 0-1

[Event "Elit(Malmo-Eksjo)"]
[Site "?"]
[Date "2016.10.14"]
[Round "1"]
[White "Andersson, Ulf"]
[Black "Carlsson, Pontus"]
[Result "1/2-1/2"]
[WhiteElo "2521"]
[BlackElo "2436"]
[PlyCount "32"]

1. Nf3 Nf6 2. c4 c5 3. g3 b6 4. Bg2 Bb7 5. O-O g6 6. b3 Bg7 7. Bb2 O-O 8. Nc3
Na6 9. d4 d5 10. dxc5 Nxc5 11. Nxd5 Nxd5 12. Bxg7 Kxg7 13. cxd5 Qxd5 14. Qxd5
Bxd5 15. Rfd1 Rfd8 16. Rac1 a5 1/2-1/2

[Event "Elit(Malmo-Eksjo)"]
[Site "?"]
[Date "2016.10.14"]
[Round "1"]
[White "Malesevic, Nedeljko"]
[Black "Gajic, Mladen"]
[Result "1/2-1/2"]
[WhiteElo "2253"]
[BlackElo "2346"]
[PlyCount "105"]

1. d4 Nf6 2. c4 c5 3. d5 e6 4. Nc3 exd5 5. cxd5 d6 6. Nf3 g6 7. Bf4 a6 8. a4
Bg7 9. e4 O-O 10. Be2 Nh5 11. Bg5 f6 12. Be3 f5 13. exf5 Bxf5 14. O-O h6 15.
Nd2 Nf6 16. Nc4 Ne8 17. Qd2 g5 18. Bd3 Nd7 19. Bxf5 Rxf5 20. f4 g4 21. Qe2 Qh4
22. Bf2 Qh5 23. g3 Bd4 24. Rad1 Bxc3 25. bxc3 Rf7 26. Rfe1 Ndf6 27. a5 Rd8 28.
Qd3 Ng7 29. Re2 Rdd7 30. Re6 Qxd5 31. Rxd6 Rxd6 32. Nxd6 Qxd3 33. Rxd3 Rd7 34.
Rd2 Ne6 35. Be3 h5 36. Kf1 Kh7 37. f5 Ng7 38. Ne4 Nge8 39. Nxc5 Rxd2 40. Bxd2
Nd6 41. Bf4 Nxf5 42. Nxb7 Nd5 43. Nc5 h4 44. Nxa6 Nxf4 45. gxf4 Ne3+ 46. Kg1
Nc4 47. Nb4 Nxa5 48. Nd5 Nc4 49. Ne7 Ne3 50. Nc6 Nd5 51. c4 Nxf4 52. Ne5 g3 53.
hxg3 1/2-1/2

[Event "Elit(Malmo-Eksjo)"]
[Site "?"]
[Date "2016.10.14"]
[Round "1"]
[White "Malekian, Babak"]
[Black "Vernersson, Per"]
[Result "0-1"]
[WhiteElo "2297"]
[BlackElo "2290"]
[PlyCount "79"]

1. Nf3 Nf6 2. c4 e6 3. e3 c5 4. Nc3 Nc6 5. d4 d5 6. a3 a6 7. dxc5 Bxc5 8. b4
Ba7 9. Bb2 O-O 10. Be2 dxc4 11. Bxc4 b5 12. Bd3 Bb7 13. O-O Qe7 14. Rc1 Rfd8
15. Qe2 Rac8 16. Rfd1 Nb8 17. Ng5 Nbd7 18. Nce4 h6 19. Rxc8 Rxc8 20. Nd6 hxg5
21. Nxb7 Nd5 22. Na5 N7f6 23. Nb3 Rc7 24. Rc1 Rxc1+ 25. Nxc1 Qc7 26. Nb3 Kf8
27. g3 Bb6 28. Nd4 Nc3 29. Qc2 Bxd4 30. exd4 Nfd5 31. Bc1 Ne2+ 32. Qxe2 Qxc1+
33. Kg2 Qxa3 34. Be4 Nc3 35. Qe3 Qxb4 36. Bb7 a5 37. Qxg5 Qxd4 38. Bf3 a4 39.
h4 a3 40. Qc1 0-1

[Event "Elit(Malmo-Eksjo)"]
[Site "?"]
[Date "2016.10.14"]
[Round "1"]
[White "Gustafsson, Fredrik"]
[Black "Agrest, Inna"]
[Result "0-1"]
[WhiteElo "2136"]
[BlackElo "2222"]
[PlyCount "104"]

1. e4 e5 2. Nc3 Nc6 3. g3 Nf6 4. Bg2 Bc5 5. Nge2 a5 6. d3 a4 7. a3 d6 8. h3 Bd7
9. O-O O-O 10. Kh2 Nd4 11. f4 Ra6 12. Nxd4 Bxd4 13. Ne2 Ba7 14. Bf3 Qe7 15. c4
b5 16. cxb5 Bxb5 17. Nc3 Bd7 18. f5 d5 19. exd5 Bxf5 20. Be4 Nxe4 21. dxe4 Bd7
22. Qe2 Rg6 23. Be3 Bxe3 24. Qxe3 Rb8 25. Rf2 Rbb6 26. Rg1 Rh6 27. g4 Qh4 28.
Qg3 Qg5 29. Kg2 Rhf6 30. Rgf1 Rxf2+ 31. Rxf2 h5 32. gxh5 Qxh5 33. Qf3 Qg6+ 34.
Kh2 Rf6 35. Qg3 Rxf2+ 36. Qxf2 f6 37. Qg2 Qh6 38. Ne2 g5 39. Ng3 g4 40. Nf5
Qf4+ 41. Kg1 Bxf5 42. exf5 g3 43. Qe2 Qxf5 44. Kg2 Qf4 45. Qg4+ Qxg4 46. hxg4
Kf7 47. Kxg3 Kg6 48. Kf3 Kg5 49. Ke2 Kxg4 50. b3 axb3 51. Kd1 e4 52. a4 e3 0-1

[Event "Elit(Malmo-Eksjo)"]
[Site "?"]
[Date "2016.10.14"]
[Round "1"]
[White "Nilsson, Anders"]
[Black "Nordstrom, Per-Olov"]
[Result "1/2-1/2"]
[WhiteElo "2204"]
[BlackElo "2081"]
[PlyCount "106"]

1. d4 Nf6 2. c4 c5 3. d5 b5 4. a4 b4 5. Nd2 d6 6. e4 g6 7. Bd3 Bg7 8. f4 O-O 9.
Ngf3 e6 10. O-O exd5 11. cxd5 Re8 12. Qc2 Nbd7 13. a5 Nf8 14. Nb3 Bd7 15. Bd2
Rb8 16. Rfe1 Bb5 17. Bxb5 Rxb5 18. Qc4 a6 19. Rad1 N6d7 20. Bc1 h5 21. Re2 Nh7
22. Rde1 Ndf6 23. Qd3 Qc8 24. e5 Ng4 25. Nbd2 dxe5 26. Nc4 e4 27. Rxe4 Rxe4 28.
Rxe4 Rb8 29. d6 Nhf6 30. Re7 Bf8 31. Rc7 Qe6 32. Nfe5 Rd8 33. Rxf7 Nxe5 34.
Nxe5 Ng4 35. Ra7 Rxd6 36. Qc2 Nxe5 37. fxe5 Qxe5 38. g3 Qd4+ 39. Kg2 Qd5+ 40.
Kh3 Qe6+ 41. Kg2 Qd5+ 42. Kh3 Qe6+ 43. Kg2 Rd4 44. Bf4 Rc4 45. Qd3 Qc6+ 46. Kh3
Qe6+ 47. Kg2 Qc6+ 48. Kh3 Qe6+ 49. Kg2 Qc6+ 50. Kh3 Qe6+ 51. Kg2 b3 52. Qxb3 g5
53. Bxg5 Qd5+ 1/2-1/2

[Event "Elit(Limhamn-Team Viking)"]
[Site "?"]
[Date "2016.10.15"]
[Round "2"]
[White "Berg, Emanuel"]
[Black "Jepson, Christian"]
[Result "1-0"]
[WhiteElo "2579"]
[BlackElo "2430"]
[PlyCount "158"]

1. e4 e5 2. Nf3 Nc6 3. Bb5 a6 4. Ba4 Nf6 5. O-O Be7 6. d3 b5 7. Bb3 d6 8. a3
O-O 9. Nc3 Na5 10. Ba2 c5 11. Bg5 Be6 12. Bxf6 Bxf6 13. Nd5 Nc6 14. c3 a5 15.
a4 b4 16. h3 g6 17. Bc4 Bg7 18. Qe2 Kh8 19. Rad1 f5 20. Nxb4 Bxc4 21. Nxc6 Qc7
22. dxc4 Qxc6 23. Rd5 Rf6 24. Rfd1 Bf8 25. Qc2 Rb8 26. R1d2 Bh6 27. Re2 Rb6 28.
Ne1 Rf7 29. Nd3 f4 30. f3 Rb8 31. Kf1 Ra7 32. Rd2 Bf8 33. Ke1 Qa6 34. b3 Rab7
35. Nc1 Be7 36. Re2 h5 37. Qd1 Kg7 38. Rb2 Rb6 39. Kd2 Qc8 40. Kc2 Qe6 41. Kb1
g5 42. Nd3 Bf6 43. Ka2 R8b7 44. Ne1 Be7 45. Nc2 Rc6 46. Na3 Rbb6 47. Nb5 Ra6
48. Rbd2 Kf7 49. Na3 Rab6 50. Nc2 Rb8 51. Ne1 Rcb6 52. Rb2 Rc6 53. Nd3 Bf6 54.
Kb1 Kg6 55. Qc2 Kf7 56. Qd2 Kg7 57. Qd1 Rb7 58. b4 axb4 59. cxb4 cxb4 60. c5
Be7 61. Qb3 Qc8 62. Rc2 dxc5 63. Nxe5 Re6 64. Nc4 Kh6 65. Rcd2 Ra7 66. Nd6 Bxd6
67. Rxd6 Ra6 68. Rd8 c4 69. Qxb4 Rab6 70. Rxc8 Rxb4+ 71. Kc2 Rxa4 72. Kc3 g4
73. Rxc4 Ra3+ 74. Kb4 Re3 75. hxg4 hxg4 76. Rf2 Kg5 77. Rf1 Kh4 78. e5 gxf3 79.
Rxf4+ Kg5 1-0

[Event "Elit(Limhamn-Team Viking)"]
[Site "?"]
[Date "2016.10.15"]
[Round "2"]
[White "Brynell, Stellan"]
[Black "Agrest, Evgenij"]
[Result "1/2-1/2"]
[WhiteElo "2444"]
[BlackElo "2592"]
[PlyCount "45"]

1. e4 c6 2. c4 d5 3. exd5 cxd5 4. cxd5 Nf6 5. Nc3 g6 6. Nf3 Bg7 7. Bc4 O-O 8.
O-O Na6 9. d4 Nc7 10. Re1 Ncxd5 11. Bg5 Nxc3 12. bxc3 Bd7 13. Ne5 Be8 14. Qf3
b5 15. Bb3 Rc8 16. Rac1 a5 17. a4 bxa4 18. Ba2 Qd6 19. Qe2 e6 20. Nc4 Qa6 21.
Ne5 Qd6 22. Nc4 Qa6 23. Ne5 1/2-1/2

[Event "Elit(Limhamn-Team Viking)"]
[Site "?"]
[Date "2016.10.15"]
[Round "2"]
[White "Westerberg, Jonathan"]
[Black "Hector, Jonny"]
[Result "1/2-1/2"]
[WhiteElo "2491"]
[BlackElo "2516"]
[PlyCount "161"]

1. e4 e5 2. Nf3 Nc6 3. Bc4 Nf6 4. d4 exd4 5. e5 Ng4 6. O-O d6 7. exd6 Bxd6 8.
Re1+ Kf8 9. c3 Qf6 10. cxd4 Bxh2+ 11. Kf1 Bd6 12. Nc3 Bd7 13. Ne4 Qf5 14. Nxd6
cxd6 15. Kg1 h6 16. Be3 g6 17. d5 Nce5 18. Nxe5 dxe5 19. Bc5+ Kg7 20. Be2 Nf6
21. Qb3 Rhc8 22. Be3 b5 23. Rac1 a6 24. f3 Be8 25. Bc5 Qd7 26. Red1 Qb7 27. Qe3
Bd7 28. b4 Re8 29. Qb3 Rad8 30. Rd2 Be6 31. Qb2 Rxd5 32. Rxd5 Bxd5 33. Bf1 Re6
34. Re1 Nd7 35. Be3 Bc4 36. Qc1 g5 37. Bxc4 Rc6 38. Bc5 bxc4 39. Qxc4 Qb5 40.
Qd5 Re6 41. Rd1 Nxc5 42. bxc5 Qe2 43. Rb1 Qe3+ 44. Kf1 g4 45. Qe4 Qc3 46. Qxg4+
Rg6 47. Qe4 Qxc5 48. Re1 Rg5 49. Qe3 Qc4+ 50. Qe2 Qh4 51. Qf2 Qa4 52. Kg1 a5
53. Re4 Qa3 54. Re3 Qd6 55. Re4 Qd5 56. Qe2 Kg8 57. a4 Qc5+ 58. Qf2 Qc3 59. Qe2
Qc7 60. Qe3 Qd6 61. Qe2 Kf8 62. Qe1 Qd5 63. Qe2 Kg7 64. Qe1 Rf5 65. Qg3+ Kh7
66. Qe1 Qc5+ 67. Qe3 Qxe3+ 68. Rxe3 f6 69. g3 Rg5 70. Kf2 Rg7 71. Rb3 Kg6 72.
Rb5 Ra7 73. f4 Kf5 74. Kf3 h5 75. Rc5 Ra8 76. Rb5 Rc8 77. fxe5 Rc3+ 78. Kg2
fxe5 79. Rxa5 Kg4 80. Rxe5 Rxg3+ 81. Kh2 1/2-1/2

[Event "Elit(Limhamn-Team Viking)"]
[Site "?"]
[Date "2016.10.15"]
[Round "2"]
[White "Lindgren, Philip"]
[Black "Nithander, Victor"]
[Result "1-0"]
[WhiteElo "2420"]
[BlackElo "2427"]
[PlyCount "75"]

1. d4 Nf6 2. c4 g6 3. Nc3 Bg7 4. e4 d6 5. Bd3 O-O 6. Nge2 e5 7. d5 Nh5 8. O-O
a5 9. Be3 Na6 10. Qd2 Bd7 11. Bc2 Qe7 12. a3 f5 13. exf5 gxf5 14. f4 Nc5 15.
Rae1 b6 16. b4 axb4 17. axb4 Na6 18. Nb5 Rae8 19. fxe5 Bxe5 20. Bg5 Qf7 21.
Ned4 Ng7 22. Nf3 Bf6 23. Nbd4 Bxg5 24. Nxg5 Qf6 25. Nde6 Bxe6 26. Nxe6 Nxe6 27.
dxe6 f4 28. Re4 Qh6 29. e7 Rf7 30. Rexf4 Rxf4 31. Rxf4 Qe6 32. Re4 Qf6 33. Qe1
Nb8 34. Ba4 c6 35. Bd1 d5 36. cxd5 cxd5 37. Re6 Qd4+ 38. Kh1 1-0

[Event "Elit(Limhamn-Team Viking)"]
[Site "?"]
[Date "2016.10.15"]
[Round "2"]
[White "Sagit, Rauan"]
[Black "Schneider, Stefan"]
[Result "1-0"]
[WhiteElo "2414"]
[BlackElo "2346"]
[PlyCount "81"]

1. Nf3 d5 2. g3 Bg4 3. Bg2 Nd7 4. O-O c6 5. d3 e6 6. Nbd2 Bd6 7. b3 Ne7 8. Bb2
O-O 9. Qe1 Re8 10. e4 Bh5 11. h3 e5 12. Nh4 Bc5 13. g4 Bg6 14. Nxg6 Nxg6 15.
Kh2 Ndf8 16. f3 Be7 17. Qd1 Bg5 18. Qe1 Bh4 19. Qd1 Bg5 20. Kh1 Ne6 21. f4 Bxf4
22. exd5 cxd5 23. c4 dxc4 24. Nxc4 Rb8 25. a4 Nd4 26. Rb1 Qh4 27. Qe1 Bg3 28.
Qe4 Bf4 29. Nxe5 Qg3 30. Rxf4 Nxf4 31. Bxd4 f6 32. Rg1 fxe5 33. Bxe5 Ne2 34.
Qc4+ Kh8 35. Bxg3 Nxg3+ 36. Kh2 Ne2 37. Re1 Rbd8 38. Bf3 Rc8 39. Rxe2 Rf8 40.
Qe4 b6 41. Bg2 1-0

[Event "Elit(Limhamn-Team Viking)"]
[Site "?"]
[Date "2016.10.15"]
[Round "2"]
[White "Johansson, Linus"]
[Black "Cramling, Dan"]
[Result "1/2-1/2"]
[WhiteElo "2399"]
[BlackElo "2367"]
[PlyCount "176"]

1. c4 c5 2. g3 g6 3. Bg2 Bg7 4. Nc3 Nc6 5. Nf3 d6 6. a3 Qd7 7. Rb1 Bxc3 8. bxc3
b6 9. d3 Bb7 10. O-O Na5 11. e4 e5 12. Nd2 Ne7 13. Re1 f5 14. Bh3 Qc6 15. f3
Bc8 16. Bg2 f4 17. gxf4 exf4 18. e5 dxe5 19. Rxe5 Qc7 20. d4 O-O 21. Re1 Nf5
22. Ne4 Ba6 23. d5 Rad8 24. Ng5 Ng7 25. Bh3 Bc8 26. Bf1 h6 27. Ne4 Nf5 28. Rb2
Ba6 29. Rg2 g5 30. Nxg5 hxg5 31. Rxg5+ Ng7 32. Re6 Rd6 33. Qe1 Rxe6 34. Qxe6+
Qf7 35. Qh6 Qf6 36. Rg6 Qe5 37. Bd3 Bxc4 38. Rg5 Qxg5+ 39. Qxg5 Bxd3 40. d6 Bf5
41. Bxf4 Nc6 42. Kf2 Be6 43. Qg3 Bd5 44. Ke1 Rf6 45. Kd2 Kf7 46. Be5 Nf5 47.
Qf4 Nxe5 48. Qxe5 Bc6 49. Kc1 Bd7 50. Qd5+ Kg7 51. Qb7 Rxd6 52. Qxa7 Kf6 53.
Qa8 Bc6 54. Qh8+ Kg5 55. Qe5 Bxf3 56. a4 Bc6 57. a5 bxa5 58. Qxc5 a4 59. Kb2
Bd7 60. Qc7 Kg4 61. c4 Kh3 62. c5 Rd3 63. c6 Bxc6 64. Qh7+ Kg4 65. Qg6+ Kf4 66.
Qxc6 a3+ 67. Ka2 Rh3 68. Qg2 Rf3 69. h3 Ne3 70. Qh2+ Rg3 71. Qf2+ Rf3 72. Qh4+
Kf5 73. Qh5+ Kf4 74. Kxa3 Kg3 75. Kb3 Kg2 76. h4 Nf5+ 77. Kb2 Rf2+ 78. Kc3 Kh3
79. Kd3 Nxh4 80. Ke4 Rf3 81. Qc5 Rg3 82. Qc8+ Kh2 83. Qd7 Ng2 84. Qc7 Kh3 85.
Qc1 Kh2 86. Qa1 Re3+ 87. Kf5 Rf3+ 88. Ke4 Re3+ 1/2-1/2

[Event "Elit(Limhamn-Team Viking)"]
[Site "?"]
[Date "2016.10.15"]
[Round "2"]
[White "Lindberg, Bo"]
[Black "Penalver, Osmani"]
[Result "1/2-1/2"]
[WhiteElo "2402"]
[BlackElo "2230"]
[PlyCount "139"]

1. Nf3 Nf6 2. c4 e6 3. Nc3 Bb4 4. Qc2 O-O 5. a3 Bxc3 6. Qxc3 c5 7. b4 b6 8. Bb2
Bb7 9. e3 d6 10. Be2 Nbd7 11. O-O e5 12. d4 Ne4 13. Qc2 Ng5 14. Qf5 Bxf3 15.
Bxf3 g6 16. Qg4 h5 17. Qg3 Nxf3+ 18. Qxf3 Qe7 19. dxe5 Nxe5 20. Qd5 Rac8 21.
Rac1 Qe6 22. Rfd1 cxb4 23. Bxe5 Qxe5 24. axb4 Qxd5 25. Rxd5 Rfd8 26. Kf1 Kf8
27. Ke2 Ke7 28. Rd4 d5 29. c5 Rc6 30. Ra1 bxc5 31. bxc5 Rxc5 32. Rxa7+ Rd7 33.
Ra2 Rdc7 34. Kf3 Ke6 35. Rad2 R7c6 36. Kf4 Rc4 37. Kg5 Rxd4 38. exd4 Ke7 39.
Re2+ Kf8 40. Ra2 Kg7 41. Kf4 Re6 42. f3 Kf6 43. h4 Re1 44. Ra6+ Ke7 45. g3 Re2
46. Kg5 Rd2 47. Ra4 Rf2 48. Ra3 Re2 49. Rd3 Re1 50. Kf4 Kf6 51. Ra3 Re2 52.
Ra6+ Ke7 53. Kg5 Rd2 54. Ra7+ Ke6 55. Ra3 Re2 56. Ra6+ Ke7 57. g4 hxg4 58. fxg4
Re4 59. h5 gxh5 60. gxh5 Kf8 61. Ra8+ Kg7 62. h6+ Kh7 63. Ra4 Kh8 64. Kf6 Kh7
65. Kg5 Kh8 66. Rb4 Kh7 67. Rb7 Rxd4 68. Rxf7+ Kh8 69. Kg6 Rg4+ 70. Kf5 1/2-1/2

[Event "Elit(Limhamn-Team Viking)"]
[Site "?"]
[Date "2016.10.15"]
[Round "2"]
[White "Tadjerbashi, Amir"]
[Black "Grandell, Anders"]
[Result "0-1"]
[WhiteElo "2215"]
[BlackElo "2264"]
[PlyCount "94"]

1. e4 c5 2. Nf3 Nc6 3. d4 cxd4 4. Nxd4 g6 5. Nc3 Bg7 6. Nde2 Nf6 7. g3 d6 8.
Bg2 O-O 9. O-O Rb8 10. a4 a6 11. h3 b5 12. axb5 axb5 13. Rb1 b4 14. Nd5 Nd7 15.
Re1 Ba6 16. Be3 Nc5 17. Nd4 Nxd4 18. Bxd4 Bxd4 19. Qxd4 e5 20. Qd2 b3 21. c3
Kg7 22. Ra1 Ra8 23. Ne3 h5 24. Red1 Nb7 25. Ra3 Nc5 26. Rda1 Rh8 27. Nc4 Rc8
28. Nxd6 Rc6 29. Rd1 Bd3 30. Nc4 Qf6 31. Ne3 Bxe4 32. Bxe4 Nxe4 33. Qe2 Ng5 34.
h4 Nf3+ 35. Kg2 e4 36. Nd5 Qe6 37. Nf4 Qg4 38. Qxe4 Nxh4+ 39. Kh2 Rf6 40. gxh4
Qxh4+ 41. Kg2 Qg4+ 42. Kh2 Qxd1 43. Qe5 Rd8 44. Ra6 Rdd6 45. Ra5 Qf3 46. Nh3
Rde6 47. Qb8 Re1 0-1

[Event "Elit(Manhem-Eksjo)"]
[Site "?"]
[Date "2016.10.15"]
[Round "2"]
[White "Grandelius, Nils"]
[Black "Welin, Mats"]
[Result "0-1"]
[WhiteElo "2641"]
[BlackElo "2332"]
[PlyCount "78"]

1. c4 Nf6 2. Nf3 e6 3. g3 d5 4. Bg2 Be7 5. d4 O-O 6. Qc2 c5 7. dxc5 Qa5+ 8. Nc3
Qxc5 9. cxd5 Nxd5 10. O-O Nxc3 11. bxc3 Bd7 12. Be3 Qa5 13. Nd4 Nc6 14. Rab1
Rab8 15. Rfd1 Rfd8 16. Be4 h6 17. Nf3 Be8 18. Rxd8 Nxd8 19. Qd2 Bc6 20. Bc2 Bf6
21. Qd6 Rc8 22. Bc5 g6 23. Bb4 Qxa2 24. Rc1 Bg7 25. e4 Ba4 26. Bb1 Qe2 27. Ne5
Nc6 28. Qd7 Nxe5 29. Qxc8+ Kh7 30. Qc5 Nf3+ 31. Kg2 Ne1+ 32. Kg1 Bb5 33. c4 Bd4
34. Qxd4 Nf3+ 35. Kg2 Nxd4 36. cxb5 Qf3+ 37. Kh3 Ne2 38. Rc5 Ng1+ 39. Kh4 g5+
0-1

[Event "Elit(Manhem-Eksjo)"]
[Site "?"]
[Date "2016.10.15"]
[Round "2"]
[White "Fendrich, David"]
[Black "Gdanski, Jacek"]
[Result "0-1"]
[WhiteElo "2257"]
[BlackElo "2485"]
[PlyCount "128"]

1. Nf3 c5 2. g3 g6 3. Bg2 Bg7 4. O-O Nc6 5. c3 d5 6. d4 cxd4 7. cxd4 e6 8. Nc3
Nge7 9. b3 O-O 10. Ba3 Qa5 11. Na4 Bd7 12. Rc1 Rfc8 13. e3 b5 14. Bxe7 bxa4 15.
Bc5 axb3 16. axb3 Rab8 17. Ra1 Qc7 18. Qc2 Bf8 19. Rfc1 Bxc5 20. Qxc5 Rxb3 21.
Bf1 Qb8 22. Ba6 Rd8 23. Kg2 Be8 24. Rc2 Rb6 25. Bf1 a5 26. Rac1 Nb4 27. Rb2 Bb5
28. Bxb5 Rxb5 29. Qe7 Re8 30. Qf6 Qd8 31. Qxd8 Rxd8 32. Ne5 Rdb8 33. Nd7 Nd3
34. Rxb5 Rxb5 35. Rc8+ Kg7 36. Ne5 Nxe5 37. dxe5 a4 38. Ra8 Rb4 39. f4 Rb3 40.
Kf2 a3 41. h4 h5 42. Rd8 Rb2+ 43. Kf3 a2 44. Ra8 Rh2 45. g4 Rh3+ 46. Kg2 hxg4
47. Rxa2 Rxe3 48. Ra8 d4 49. Rd8 d3 50. Kh2 Rf3 51. Rd4 Kf8 52. Kg2 Ke7 53. Kh2
f6 54. Kg2 f5 55. Kh2 Re3 56. Kg2 Re4 57. Rxd3 Rxf4 58. Ra3 Re4 59. Ra7+ Kf8
60. Kg3 Rxe5 61. Kf4 Re4+ 62. Kg5 g3 63. Kf6 Ke8 64. Kxg6 g2 0-1